| 000 | 00690nam a2200229 i 4500 | ||
|---|---|---|---|
| 001 | 115407 | ||
| 003 | ES-MaACL | ||
| 005 | 20250825062554.0 | ||
| 007 | t| | ||
| 008 | 070308s1931 sp ||||1| spa d | ||
| 080 | _a821.134.2-23"16" | ||
| 100 | 1 |
_aCalderón de la Barca, Pedro, _d1600-1681 _eaut _9239594 |
|
| 245 | 1 | 3 |
_aLa vida es sueño _b: drama en tres jornadas / _cPedro Calderón de la Barca. |
| 260 |
_aMadrid : _bPrensa Moderna, _c1931. |
||
| 300 |
_a96 p. ; _c17 cm. |
||
| 490 | 1 |
_aEl Teatro moderno ; _v312 |
|
| 650 | 1 | 4 |
_a _9239559 |
| 830 | 0 | 3 |
_aEl teatro moderno (Prensa Moderna) _v312 _9182365 |
| 852 |
_aES-MaACL _jC-13150 |
||
| 942 | _2udc | ||
| 999 |
_c115407 _d115407 |
||